01170ngm a2200301 4500003000400000005001700004007000400021008004000025010002000065024002000085035002000105040001300125082001500138245007100153260002800224300006200252500007700314500005100391500003100442500012200473538005600595538012500651650001900776700001900795700001700814700001700831700002000848dpl20090309141435.0DVD||||||sp199 xxu|||||c|||| 00| 0 eng d aDVD-001701-1703 aMD-011c149.00  aDVD-001701-1703 aDPLcDPL aDVD / FARE aA Farewell to ArmscVale Entertainment Ltd.h[videorecording] DVD/ bVale Entertainment Ltd. a1 videodisc DVD; (78 min.) :bsd., col. ;c4 3/4 in.fDVD aSole Distributor in India M/s. Excel Productions Autio Visuals Pvt. Ltd. aBased on the classic novel by Ernest Hemingway aThis DVD is Copy Protected aAdaptation of Hemingway novel about an ill-fated World War-I romance between an American soldier and a British nurse. aDolby Digital 5.1-English Subtitles: English,Thai,  aAspect Ratio: 2.35:1, Presentation type: Wide Screen, Presentation Size 16x9 Format DVD 9 Dual Layer Single Sided Disc. aMotion Picture aBorzage, Frank aCooper, Gary aHayes, Helen aMenjou, Adolphe